Bilecik Bilecik Bilecik Bilecik Bilecik

İktisadi gelişmenin merhaleleri : (Record no. 18308)

MARC details
000 -BAŞLIK
Sabit Uzunluktaki Kontrol Alanı 01138nam a22003617a 4500
001 - KONTROL NUMARASI
Control Dosyası 0018351
003 - KONTROL NUMARASI KİMLİĞİ
Kontrol Alanı KOHA_MİRAKIL
005 - EN SON İŞLEM TARİHİ ve ZAMANI
Kontrol Alanı 20260207002209.0
007 - FİZİKSEL TANIM SABİT ALAN - GENEL BİLGİ
Sabit uzunluklu kontrol alanı ta
008 - SABİT UZUNLUKTAKİ VERİ ÖGELERİ - GENEL BİLGİ
Sabit Alan 130730b1999 tu |||gr||||#||||0|tur |
020 ## - ISBN - ULUSLARARASI STANDART KİTAP NUMARASI
Isbn 9754373132
040 ## - KATALOGLAMA KAYNAĞI
Özgün Kataloglama Kurumu TR-BiSEU
Kataloglama Dili tur
Çeviri Kurumu TR-BiSEU
Açıklama Kuralları rda
041 0# - DİL KODU
Metin ya da ses kaydının dil kodu tur
044 ## - YAYINLAYAN/ÜRETEN KURULUŞUN ÜLKE KODU
ISO country code tu
050 ## - SINIFLAMA ve YER NUMARASI
Sınıflama Numarası HB75
Yer Numarası .R67 1999
100 1# - KİŞİ ADI
Yazar Adı (Kişi adı) Rostow, Walt Whitman.
245 1# - ESER ADI BİLDİRİMİ
Başlık İktisadi gelişmenin merhaleleri :
Alt Eseradı vb. Kominist olmayan bir manifesto/
Sorumluluk Bildirimi Walt Whitman Rostow ; W. W. Rostow; çev. Erol Güngör.
264 #1 - ÜRERİM, YAYIN, DAĞITIM ve TELİF BİLDİRİMİ
Yayın yeri İstanbul :
Yayınlayan Ötüken
Yayın tarihi 1999
300 ## - FİZİKSEL TANIMLAMA
Sayfa, Cilt vb. 223 s. ;
Boyutları 20 cm.
336 ## - İÇERİK TÜRÜ
Content type term metin
Content type code txt
Source rdacontent
337 ## - MEDYA TÜRÜ
Media type term aracısız
Media type code n
Source rdamedia
338 ## - TAŞIYICI TÜRÜ
Carrier type term cilt
Carrier type code nc
Source rdacarrier
490 1# - DİZİ BİLDİRİMİ
Dizi Bildirimi Ötüken ;
Cilt Numarası yayın nu.
490 1# - DİZİ BİLDİRİMİ
Dizi Bildirimi 446.
490 1# - DİZİ BİLDİRİMİ
Dizi Bildirimi Kültür serisi ;
Cilt Numarası 172
500 ## - GENEL NOT
Genel Not Eserin özgün adı :The stages of economic growth :a non-communist manifesto.
650 #0 - KONU BAŞLIĞI EK GİRİŞ - KONU TERİMİ
Konusal terim veya coğrafi ad Ekonomik tarih.
9 (RLIN) 9676
650 #0 - KONU BAŞLIĞI EK GİRİŞ - KONU TERİMİ
Konusal terim veya coğrafi ad Economic history.
9 (RLIN) 5338
830 1# - SERİ EK GİRİŞİ - TEKBİÇİM ESER ADI
Tekbiçim Başlık Ötüken ;
Volume number/sequential designation yayın nu.
9 (RLIN) 23324
830 1# - SERİ EK GİRİŞİ - TEKBİÇİM ESER ADI
Tekbiçim Başlık 446.
9 (RLIN) 42311
830 1# - SERİ EK GİRİŞİ - TEKBİÇİM ESER ADI
Tekbiçim Başlık Kültür serisi ;
Volume number/sequential designation 172
9 (RLIN) 5523
942 ## - EK GİRİŞ ÖGELERİ (KOHA)
Source of classification or shelving scheme Library of Congress Classification
Koha item type Book
Holdings
Materyal Türü Kalıcı Konum Mevcut Konum Sınıflandırma Kaynağı Edinim Bilgisi Ana Konular Alt Konular Yer Numarası Demirbaş Numarası Fatura Tarihi Maliyet, Alış Fiyatı Maliyet, Yenileme Fiyatı Geri Çekilme Durumu Kayıp Durumu Hasarlı Durumu Kredi için değil Kayıt Tarih Toplam Ödünçverme Son Görülme Tarihi Son Kontrol Tarihi Genel / Bağış Notu Raf Yeri Satın Alma Notu
Book BŞEÜ Gölpazarı MYO Kütüphanesi BŞEÜ Gölpazarı MYO Kütüphanesi Library of Congress Classification Bağış SOSYAL BİLİMLER Ekonomi Teorisi, Demografi HB75 .R67 1999 0018351 02/02/2026 3.50 3.50         30/06/2010   05/12/2024 05/12/2024 Genel Bağış    
Book Prof. Dr. Azmi Özcan Kütüphanesi Prof. Dr. Azmi Özcan Kütüphanesi Library of Congress Classification Satın SOSYAL BİLİMLER Ekonomi Teorisi, Demografi HB75 .R67 1999 0042041 24/09/2013 7.77 7.77         30/07/2013 3 05/12/2024 05/12/2024   Uluğbey Salonu 73291-73383 (92 sayfa)